000 00310nam a22001097a 4500
008 230619b xxu||||| |||| 00| 0 eng d
082 _a305.569
_bESRC 2004
245 _aGlobal Poverty Research Group
_bResearch Summary 2004
260 _aUK
_bGlobal Poverty Research Group
_c2004
300 _a74p
942 _2ddc
_cBK
999 _c1434
_d1434